| 000 | 00818nam a2200265 a 4500 | ||
|---|---|---|---|
| 999 |
_c3733 _d3733 |
||
| 001 | 18940 | ||
| 003 | BD-DhUAP | ||
| 005 | 20210130160347.0 | ||
| 008 | 200311r20132006ii a b 001 0 eng d | ||
| 020 | _a0070635994 | ||
| 020 | _a0070380899 | ||
| 020 | _a9780070635999 | ||
| 040 |
_aDLC _cDLC _dBD-DhUAP _bEng |
||
| 082 | 0 | 0 |
_a621.38456 LEE _223 |
| 100 | 1 | _aLee, William C. Y. | |
| 245 | 1 | 0 |
_aMobile cellular telecommunications : _banalog and digital systems / _cWilliam C. Y. Lee. |
| 250 | _a2nd ed. | ||
| 260 |
_aNew Delhi : _bMcGraw-Hill, _cc2006 [Reprinted 2013]. |
||
| 300 |
_axii, 664 pages : _billustrations ; _c24 cm. |
||
| 504 | _aIncludes bibliographical references and index. | ||
| 650 | 0 | _aCellular telephone systems. | |
| 942 |
_2ddc _cBK |
||